99 Stress Free Wife (No. rekod 1604)

000 -LEADER
fixed length control field 01602nam a22002657a 4500
003 - CONTROL NUMBER IDENTIFIER
control field KPN
005 - DATE AND TIME OF LATEST TRANSACTION
control field 20250623105522.0
008 - FIXED-LENGTH DATA ELEMENTS--GENERAL INFORMATION
fixed length control field 250526b 00| 0 my d
020 ## - INTERNATIONAL STANDARD BOOK NUMBER
International Standard Book Number 9789672038719
Terms of availability RM18.00
Qualifying information paperback
040 ## - CATALOGING SOURCE
Transcribing agency KPN
082 ## - DEWEY DECIMAL CLASSIFICATION NUMBER
Edition number 23
Classification number 808.882 SHA 2018
090 ## - LOCALLY ASSIGNED LC-TYPE CALL NUMBER (OCLC); LOCAL CALL NUMBER (RLIN)
Classification number (OCLC) (R) ; Classification number, CALL (RLIN) (NR) 808.882 SHA 2018
Local cutter number (OCLC) ; Book number/undivided call number, CALL (RLIN) SHA
100 ## - MAIN ENTRY--PERSONAL NAME
Personal name Shaza Baharuddin
Relator term author
245 ## - TITLE STATEMENT
Title 99 Stress Free Wife
Statement of responsibility, etc. Shaza Baharuddin
246 ## - VARYING FORM OF TITLE
Title proper/short title Ninety nine stress free wife
260 ## - PUBLICATION, DISTRIBUTION, ETC.
Place of publication, distribution, etc. Batu Caves, Selangor
Name of publisher, distributor, etc. Must Read Sdn. Bhd.,
Date of publication, distribution, etc. 2018
300 ## - PHYSICAL DESCRIPTION
Extent ix, 149 pages
Other physical details illustrations
Dimensions 19 cm
500 ## - GENERAL NOTE
General note Lelaki dari planet Marikh. Perempuan dari planet Venus. Begitulah diibaratkan perbezaan yang ketara antara lelaki dengan perempuan.<br/><br/>Allah SWT menjadikan lelaki dan perempuan berbeza fizikalnya. Tentu juga wujud perbezaan ketara dari segi emosi,perasaan, dan tabiat antara kedua-dua insan ini. Bayangkan kedua-dua makhluk ciptaan Allah SWT ini diletakkan bersama-sama di bawah satu bumbung, maka ‘haru-biru’ jadinya!<br/><br/>Buku ini merupakan coretan 99 kisah stress seorang isteri. Bohonglah jika sesebuah rumah tangga sentiasa dalam suasana ceria. Tentunya ada perasaan berkecil hati, kecewa, rajuk, dan tertekan dengan pasangan. Namun, percayalah. Melalui perasaan tertekan inilah para isteri belajar mengenali suami mereka sebenarnya. Alah, bukan stres sangat pun, stres ala-ala manja saja.<br/><br/>“…ALLAH CREATED THEM TO PERFECT ONE ANOTHER.”
650 ## - SUBJECT ADDED ENTRY--TOPICAL TERM
Source of heading or term Shaza Baharuddin,
Source of heading or term Puisi
Form subdivision Anecdotes
Source of heading or term Anecdotes
Source of heading or term Wives
Form subdivision Anecdotes
Source of heading or term Husband and wife
Form subdivision Anecdotes
942 ## - ADDED ENTRY ELEMENTS (KOHA)
Source of classification or shelving scheme
Koha item type Book
Suppress in OPAC No
Pemilik
Withdrawn status Lost status Source of classification or shelving scheme Damaged status Not for loan Collection code Home library Current library Shelving location Date acquired Total Checkouts Total Renewals Full call number Barcode Date due Date last seen Date last checked out Price effective from Koha item type
          Non-fiction Perpustakaan Kementerian Perpaduan Malaysia Perpustakaan Kementerian Perpaduan Malaysia Non- Fiction Rack - Literature 23/06/2025 2 3 808.882 SHA 2018 KPN25060012 20/05/2026 22/01/2026 22/01/2026 23/06/2025 Book